| 000 | 00506nam a2200193Ia 4500 | ||
|---|---|---|---|
| 003 | OSt | ||
| 005 | 20240914125745.0 | ||
| 008 | 220927b |||||||| |||| 00| 0 eng d | ||
| 020 | _a8190156152 | ||
| 040 |
_aSDCL _cSDCL _beng |
||
| 041 |
_2eng _aHin |
||
| 082 | _aRxM72 P7 | ||
| 100 | _aRussell, Bertrand | ||
| 245 | 0 | _aDukh ke karan. | |
| 260 |
_aDelhi: _bPremnath and Sons, _c2007. |
||
| 300 |
_a95p. _ccm. |
||
| 942 |
_hRxM72 P7 _cTEXL _2CC |
||
| 999 |
_c741591 _d741591 |
||